|
|
|
|
| LEADER |
01208nam a22002897a 4500 |
| 001 |
36227 |
| 003 |
BD-DhAAL |
| 005 |
20211129161605.0 |
| 008 |
190924t2005 enkab || 000 ||eng d |
| 999 |
|
|
|c 41394
|d 41394
|
| 020 |
|
|
|a 1405010290
|
| 040 |
|
|
|a BD-DhAAL
|
| 082 |
|
|
|a 362.1091724
|2 19
|
| 245 |
|
|
|a Children for health :
|b children as partners in health promotion /
|c Child-to-Child Trust. ; World Health Organization
|
| 250 |
|
|
|a Second edition.
|
| 260 |
|
|
|a Oxford [England] :
|b Macmillan Education,
|c 2005.
|
| 300 |
|
|
|a vi, 214 pages :
|b illustrations ;
|c 25 cm
|
| 526 |
|
|
|a BIED
|
| 541 |
|
|
|a Complimentary copy from BIED
|e 36227
|
| 650 |
|
|
|a Health education
|z Developing countries.
|9 35191
|
| 650 |
|
|
|a Health promotion
|z Developing countries.
|9 35192
|
| 650 |
|
|
|a Child teachers
|z Developing countries.
|9 35193
|
| 710 |
|
|
|a Child-to-Child Trust.
|9 35194
|
| 710 |
|
|
|a World Health Organization.
|9 35195
|
| 852 |
|
|
|a Ayesha Abed Library
|c BIED Collection
|
| 942 |
|
|
|2 ddc
|c BK
|
| 952 |
|
|
|0 0
|1 0
|2 ddc
|4 0
|6 362_109172400000000_CHI
|7 0
|9 66493
|a BRACUL
|b BRACUL
|c GEN
|d 2019-09-24
|e Complimentary copy from BIED
|l 0
|o 362.1091724 CHI
|p 3010036227
|r 2019-09-25
|t 1
|w 2019-09-24
|y BK
|x Transferred from BIED to General Stacks
|